Le Programme Apollo - Statistiques

Statistiques générales
  • Ce quiz a été pris 17 fois
  • Le résultat moyen est 8 sur 10
Statistiques - réponses
Question Réponse % Correct
Nombre de la mission qui coûta la vie à 3 astronautes 1
100%
Nombre de la mission qui emmena les Hommes sur la Lune 11
100%
Nombre de la mission qui faillit être un énorme échec 13
100%
Nombre de la dernière mission qui se posa sur la lune 17
100%
Année de fin 1972
94%
Pays avec lequel il entre en compétition Russie
88%
Année de début 1961
82%
Fusée qui servit de lanceur aux missions Apollo Saturn V
71%
Bâtiment dans lequel furent assemblées les fusées précedemment citées (initiales) V.A.B.
29%
Personne ayant prononcé un discours qui aboutit au programme Apollo John Fitzgerald Kennedy
24%
Aucun quiz correspondant
Distribution des résultats
% des personnes avec chaque résultat
Percentile par nombre de réponses
Votre historique - résultats
Vous n’avez pas pris ce quiz